|
|
|
|
| LEADER |
00000cam a2200000 a 4500 |
| 001 |
EBOOKCENTRAL_ocm54772621 |
| 003 |
OCoLC |
| 005 |
20240329122006.0 |
| 006 |
m o d |
| 007 |
cr cnu---unuuu |
| 008 |
040319s2004 dcua ob 100 0 eng d |
| 040 |
|
|
|a N$T
|b eng
|e pn
|c N$T
|d OCLCQ
|d YDXCP
|d OCLCQ
|d HNW
|d OCLCQ
|d COF
|d OCLCQ
|d TNF
|d OCLCQ
|d OCLCO
|d OCLCA
|d OCLCQ
|d OCLCO
|d OCLCQ
|d EBLCP
|d DEBSZ
|d OCLCO
|d OCLCQ
|d OCLCO
|d AGLDB
|d PIFBR
|d ZCU
|d MERUC
|d OCLCQ
|d WY@
|d LUE
|d OCLCF
|d VNS
|d VTS
|d ICG
|d TOF
|d OCLCQ
|d LVT
|d STF
|d G3B
|d DKC
|d OCLCQ
|d AJS
|d OCLCO
|d OCLCQ
|d OCLCO
|d OCLCL
|
| 019 |
|
|
|a 149391250
|a 793542894
|a 923260027
|a 991983796
|
| 020 |
|
|
|a 0309529867
|q (electronic bk.)
|
| 020 |
|
|
|a 9780309529860
|q (electronic bk.)
|
| 020 |
|
|
|z 0309091373
|q (pbk.)
|
| 020 |
|
|
|z 9780309091374
|q (pbk.)
|
| 029 |
1 |
|
|a AU@
|b 000051505486
|
| 029 |
1 |
|
|a DEBBG
|b BV043108542
|
| 029 |
1 |
|
|a DEBBG
|b BV044106650
|
| 029 |
1 |
|
|a DEBSZ
|b 422388718
|
| 029 |
1 |
|
|a DEBSZ
|b 452569540
|
| 029 |
1 |
|
|a GBVCP
|b 801122880
|
| 035 |
|
|
|a (OCoLC)54772621
|z (OCoLC)149391250
|z (OCoLC)793542894
|z (OCoLC)923260027
|z (OCoLC)991983796
|
| 050 |
|
4 |
|a HD5701.3
|b .I584 2004eb
|
| 072 |
|
7 |
|a BUS
|x 038000
|2 bisacsh
|
| 082 |
0 |
4 |
|a 331.12
|2 22
|
| 049 |
|
|
|a UAMI
|
| 245 |
0 |
0 |
|a International perspectives :
|b summary of regional forums /
|c Crispin Rigby, editor ; Division of Behavioral and Social Sciences and Education, Policy and Global Affairs Division, National Research Council of the National Academies.
|
| 246 |
1 |
|
|i At head of title:
|a Monitoring International Labor Standards
|
| 260 |
|
|
|a Washington, D.C. :
|b National Academies Press,
|c ©2004.
|
| 300 |
|
|
|a 1 online resource (xi, [1], 110 pages) :
|b illustrations
|
| 336 |
|
|
|a text
|b txt
|2 rdacontent
|
| 337 |
|
|
|a computer
|b c
|2 rdamedia
|
| 338 |
|
|
|a online resource
|b cr
|2 rdacarrier
|
| 500 |
|
|
|a "In February and March 2003, the Committee on Monitoring International Labor Standards (CMILS) of the National Research Council (NRC) convened regional forums in Costa Rica, Sri Lanka, and South Africa"--Page 1
|
| 504 |
|
|
|a Includes bibliographical references (pages 65-68).
|
| 588 |
0 |
|
|a Print version record.
|
| 505 |
0 |
|
|a ""FrontMatter""; ""Acknowledgments""; ""Contents""; ""List of Acronyms""; ""1 Introduction""; ""2 The International Labour Organization""; ""3 National Governments""; ""4 Trade Unions""; ""5 Employers""; ""6 Nongovernmental Organizations and Academics""; ""7 Open Forums""; ""Appendixes""; ""APPENDIX A Forum Agendas""; ""APPENDIX B Committee on Monitoring International Labor Standards (2002�2003) and National Resource Council Staff""
|
| 590 |
|
|
|a eBooks on EBSCOhost
|b EBSCO eBook Subscription Academic Collection - Worldwide
|
| 590 |
|
|
|a ProQuest Ebook Central
|b Ebook Central Academic Complete
|
| 611 |
2 |
0 |
|a International Labor Standards: International Perspectives of Regional Forums
|d (2003 :
|c Costa Rica)
|
| 611 |
2 |
0 |
|a International Labor Standards: International Perspectives of Regional Forums
|d (2003 :
|c Sri Lanka)
|
| 611 |
2 |
0 |
|a International Labor Standards: International Perspectives of Regional Forums
|d (2003 :
|c South Africa)
|
| 650 |
|
0 |
|a Labor market
|v Congresses.
|
| 650 |
|
0 |
|a Labor policy
|v Congresses.
|
| 650 |
|
6 |
|a Marché du travail
|v Congrès.
|
| 650 |
|
6 |
|a Travail
|x Politique gouvernementale
|v Congrès.
|
| 650 |
|
7 |
|a BUSINESS & ECONOMICS
|x Labor.
|2 bisacsh
|
| 650 |
|
7 |
|a Labor market
|2 fast
|
| 650 |
|
7 |
|a Labor policy
|2 fast
|
| 655 |
|
7 |
|a Conference papers and proceedings
|2 fast
|
| 700 |
1 |
|
|a Rigby, Crispin.
|
| 710 |
2 |
|
|a National Research Council (U.S.).
|b Policy and Global Affairs.
|
| 710 |
2 |
|
|a National Research Council (U.S.).
|b Division of Behavioral and Social Sciences and Education.
|
| 710 |
2 |
|
|a National Research Council (U.S.).
|b Committee on Monitoring International Labor Standards.
|
| 758 |
|
|
|i has work:
|a International perspectives (Text)
|1 https://id.oclc.org/worldcat/entity/E39PCFwdhQ3QDY3RWXdmp6Vf4q
|4 https://id.oclc.org/worldcat/ontology/hasWork
|
| 776 |
0 |
8 |
|i Print version:
|t International perspectives.
|d Washington, D.C. : National Academies Press, ©2004
|z 0309091373
|w (OCoLC)54680850
|
| 856 |
4 |
0 |
|u https://ebookcentral.uam.elogim.com/lib/uam-ebooks/detail.action?docID=3375939
|z Texto completo
|
| 938 |
|
|
|a EBL - Ebook Library
|b EBLB
|n EBL3375939
|
| 938 |
|
|
|a EBSCOhost
|b EBSC
|n 106787
|
| 938 |
|
|
|a YBP Library Services
|b YANK
|n 2293385
|
| 994 |
|
|
|a 92
|b IZTAP
|